| 000 | 00961nam a2200217Ia 4500 | ||
|---|---|---|---|
| 001 | 15646 | ||
| 003 | GE_BSU | ||
| 008 | 181216s||||||||xx |||||||||||||| ||und|| | ||
| 040 | _cGE_BSU | ||
| 100 | _aწერეთელი, ა. | ||
| 245 | _aთხზულებათა სრული კრებული : 15 ტომად. ტ.2 | ||
| 245 | _bლექსები, 1880-1900. | ||
| 245 | _cტექსტი და ვარიანტები დაამუშავა სოლომონ ყუბანეიშვილამ. მხატვ. დ. ქუთათელაძე. და ლ. ქუთათელაძე | ||
| 260 | _aთბილისი | ||
| 260 | _bსახელგამი | ||
| 260 | _c1950 | ||
| 300 | _a565 გვ. : 1 ფურც. პორტრ.. - 20 სმ. | ||
| 653 | _aთხზულებათა სრული კრებული | ||
| 653 | _aლექსები | ||
| 942 | _cBK | ||
| 999 |
_c48746 _d48746 |
||